Statistics for Morse Code Numbers, and Punctuation

Click here to take the quiz!

General Stats

  • This quiz has been taken 8 times
  • The average score is 7 of 23

Answer Stats

HintAnswer% Correct
....-4
83%
.----1
67%
----.9
67%
-----0
50%
..---2
50%
.....5
50%
--...7
50%
...--3
33%
-....6
33%
---..8
33%
-....-hyphen
33%
-.--.open parenthesis
33%
..--..question mark
33%
.-...ampersand
17%
-.--.-closed parenthesis
17%
--..--comma
17%
-...-equals sign
17%
-..-.forward slash
17%
.-.-.-period
17%
.-.-.plus sign
17%
.----.apostrophe
0%
-.-.--exclamation mark
0%
.-..-.quotation mark
0%

Score Distribution

Percentile by Number Answered

Percent of People with Each Score

Your Score History

You have not taken this quiz